000 01315pam a2200361 a 4500
001 4240668
003 OSt
005 20260428170419.0
008 830408s1984 njua b 001 0 eng
010 _a 83003883
020 _a0131895621
020 _a0131895621
035 _a4240668
040 _aDLC
_cFoundation University
_dFoundation University
050 0 0 _aN 6450
_b.2005 R67
100 1 _aRosenblum, Robert.
_915742
245 1 0 _a19th century art /
_cpainting by Robert Rosenblum ; sculpture by H.W. Janson.
250 _aRevised and updated edition
260 _aEnglewood Cliffs, N.J. :
_bPrentice-Hall ;
_aNew York :
_bAbrams,
_cc2005.
264 _42005
300 _a527 p. :
_bill. (some col.) ;
_c30 cm.
_3books
_fbooks
336 _atext
_btxt
_2rdacontent
337 _aunmediated
_bn
_2rdamedia
338 _avolume
_bnc
_2rdacarrier
_3n
500 _aIncludes index.
504 _aBibliography: p. [506]-514.
650 0 _aArt, Modern
_y19th century.
_915634
700 1 _aJanson, H. W.
_q(Horst Woldemar),
_d1913-1982.
_915743
740 0 _aNineteenth century art.
906 _a7
_bcbc
_corignew
_d1
_eocip
_f19
_gy-gencatlg
942 _2lcc
_cBK
_eRevised and updated edition
_hN 6450
_i.2005 R67
_k(DAFA-FA)
999 _c5829
_d5829